[Event "SRB-chT Premier"]
[Site "Bajina Basta"]
[Date "2023.09.21"]
[Round "4.5"]
[White "Tadic, Stefan"]
[Black "Grcic, Vukasin"]
[Result "1-0"]
[WhiteElo "2386"]
[BlackElo "2124"]
[PlyCount "81"]
[EventDate "2023.09.18"]
[EventType "team-tourn"]
[EventRounds "11"]
[EventCountry "SRB"]
[SourceTitle "EXT 2024"]
[Source "ChessBase"]
[SourceDate "2023.10.10"]
[SourceVersion "1"]
[SourceVersionDate "2023.10.10"]
[SourceQuality "1"]
[WhiteTeam "Elemir Naftagas"]
[BlackTeam "Nova Pazova Mladost"]
[WhiteTeamCountry "SRB"]
[BlackTeamCountry "SRB"]

1. e4 c5 2. Nc3 g6 3. Nf3 Bg7 4. d4 cxd4 5. Nxd4 Nc6 6. Be3 Nf6 7. Nxc6 dxc6 8. Qxd8+ Kxd8 9. 0-0-0+ Ke8 10. f3 Be6 11. a4 Nd7 12. Ne2 Bc4 13. b3 Bxe2 14. Bxe2 e6 15. h4 Ke7 16. h5 b6 17. f4 Rhd8 18. hxg6 hxg6 19. e5 Rh8 20. Bf3 Rac8 21. Rxh8 Bxh8 22. a5 c5 23. axb6 axb6 24. Rd6 f6 25. Bc6 Nf8 26. Bb5 fxe5 27. Rxb6 Rc7 28. Bc4 e4 29. Kd2 Bd4 30. c3 Bg7 31. g4 Bh6 32. Ke2 Bg7 33. Bd2 Bh6 34. Ke3 Rd7 35. Be1 g5 36. f5 Rd6 37. Rxd6 Kxd6 38. Kxe4 e5 39. f6 Nd7 40. Kf5 e4 41. Bb5 1-0

[Event "SRB-chT 2nd League"]
[Site "Vrnjacka Banja"]
[Date "2022.11.07"]
[Round "5.3"]
[White "Cuzovic, Ognjen"]
[Black "Grcic, Vukasin"]
[Result "1/2-1/2"]
[WhiteElo "2003"]
[BlackElo "2105"]
[PlyCount "134"]
[EventDate "2022.11.04"]
[EventType "team-tourn"]
[EventRounds "11"]
[EventCountry "SRB"]
[SourceTitle "CBM 211 Extra"]
[Source "ChessBase"]
[SourceDate "2023.01.31"]
[SourceVersion "1"]
[SourceVersionDate "2023.01.31"]
[SourceQuality "1"]
[WhiteTeam "Petrovaradin Kraljica"]
[BlackTeam "Nova Pazova Mladost"]
[WhiteTeamCountry "SRB"]
[BlackTeamCountry "SRB"]

1. d4 d5 2. c4 e6 3. Nf3 c5 4. cxd5 exd5 5. Nc3 Nc6 6. g3 Nf6 7. Bg2 Be7 8. 0-0 0-0 9. Bg5 Bf5 10. dxc5 d4 11. Nb5 Bxc5 12. Qc1 Qb6 13. Bxf6 gxf6 14. Nh4 Bg6 15. Nc7 Qxc7 16. Nxg6 hxg6 17. Qxc5 Qe5 18. Rac1 Qxc5 19. Rxc5 Rfe8 20. Bf3 Rab8 21. Rd1 Ne5 22. Bd5 Nc6 23. Kf1 Re5 24. Rdc1 Kg7 25. Bxc6 bxc6 26. b3 Rxc5 27. Rxc5 Rb6 28. Rc4 Ra6 29. a4 Rb6 30. b4 f5 31. Rxd4 Kf6 32. e3 Ke6 33. a5 Rb5 34. Ke2 c5 35. bxc5 Rxa5 36. c6 Rc5 37. Ra4 a5 38. Kd3 Kd6 39. h4 Kxc6 40. Kd4 Rb5 41. f3 Kd6 42. Kc3 Re5 43. e4 fxe4 44. fxe4 Rb5 45. Rd4+ Ke6 46. Rd8 a4 47. Re8+ Kd7 48. Ra8 Rb3+ 49. Kd4 Rxg3 50. Rxa4 Rg4 51. h5 gxh5 52. Ke5 Ke7 53. Ra8 f6+ 54. Kf5 Rg5+ 55. Kf4 Kf7 56. Rb8 Rg1 57. Kf5 Rg5+ 58. Kf4 Rg1 59. Rb7+ Kg6 60. Rb8 Rf1+ 61. Kg3 Rg1+ 62. Kf4 Rf1+ 63. Kg3 Kf7 64. Rh8 Rh1 65. Kg2 Rh4 66. Kg3 Rg4+ 67. Kf3 Rh4 1/2-1/2

[Event "Belgrade-chT2 Quality"]
[Site "Belgrade"]
[Date "2022.10.23"]
[Round "4.3"]
[White "Grcic, Vukasin"]
[Black "Hrzic, Ivan"]
[Result "1/2-1/2"]
[WhiteElo "2105"]
[BlackElo "2267"]
[PlyCount "72"]
[EventDate "2022.10.15"]
[EventType "team-tourn"]
[EventRounds "13"]
[EventCountry "SRB"]
[SourceTitle "EXT 2024"]
[Source "ChessBase"]
[SourceDate "2023.10.10"]
[SourceVersion "1"]
[SourceVersionDate "2023.10.10"]
[SourceQuality "1"]
[WhiteTeam "Belgrade Tadic"]
[BlackTeam "Belgrade Polet"]
[WhiteTeamCountry "SRB"]
[BlackTeamCountry "SRB"]

1. e4 e5 2. Nf3 Nc6 3. d4 exd4 4. Nxd4 Nf6 5. Nxc6 bxc6 6. Qe2 Qe7 7. Nc3 a5 8. Bg5 h6 9. Bh4 Ba6 10. Qf3 Bxf1 11. Rxf1 Qe6 12. Bxf6 Qxf6 13. Qxf6 gxf6 14. 0-0-0 Rg8 15. g3 Rg5 16. Rd3 Bb4 17. Ne2 Re5 18. f3 f5 19. Nc3 Bxc3 20. Rxc3 0-0-0 21. exf5 Rde8 22. g4 Re1+ 23. Rxe1 Rxe1+ 24. Kd2 Rh1 25. Rc5 Rxh2+ 26. Kd3 d6 27. Rxc6 Kd7 28. Rc3 h5 29. gxh5 Rxh5 30. Ke4 Rh4+ 31. Ke3 Rh2 32. Kf4 f6 33. Kg4 Rg2+ 34. Kf4 Rh2 35. Kg4 Rg2+ 36. Kf4 Rh2 1/2-1/2

[Event "Vojvodina-chT 21st"]
[Site "Backa Palanka"]
[Date "2021.10.30"]
[Round "11.5"]
[White "Levnajic, Pavle"]
[Black "Grcic, Vukasin"]
[Result "0-1"]
[WhiteElo "2195"]
[BlackElo "2164"]
[PlyCount "86"]
[EventDate "2021.10.23"]
[EventType "team-tourn"]
[EventRounds "11"]
[EventCountry "SRB"]
[SourceTitle "EXT 2023"]
[Source "ChessBase"]
[SourceDate "2022.10.05"]
[SourceVersion "1"]
[SourceVersionDate "2022.10.05"]
[SourceQuality "1"]
[WhiteTeam "Krajisnik Krajina"]
[BlackTeam "Nova Pazova Mladost"]
[WhiteTeamCountry "SRB"]
[BlackTeamCountry "SRB"]

1. d4 d5 2. c4 e6 3. Nf3 c5 4. cxd5 exd5 5. g3 Nc6 6. Bg2 Nf6 7. 0-0 Be7 8. dxc5 Bxc5 9. Nbd2 0-0 10. Nb3 Bb6 11. Nbd4 Re8 12. Re1 Bg4 13. h3 Bh5 14. g4 Bg6 15. Bg5 h6 16. Bf4 Nxd4 17. Nxd4 Be4 18. e3 Bxg2 19. Kxg2 Bc7 20. Bxc7 Qxc7 21. Rc1 Qe5 22. Qf3 Rac8 23. b3 g6 24. Qg3 Qe4+ 25. Kh2 Nd7 26. Rc7 Rxc7 27. Qxc7 Ne5 28. Rg1 Nf3+ 29. Nxf3 Qxf3 30. Rg2 d4 31. exd4 Re2 32. Qb8+ Kh7 33. a4 Rb2 34. Qg3 Rxb3 35. h4 Rd3 36. Qxf3 Rxf3 37. Rg1 Rxf2+ 38. Kg3 Rd2 39. Rb1 Rd3+ 40. Kf4 Rxd4+ 41. Ke5 Rxa4 42. Rxb7 Kg7 43. g5 h5 0-1

[Event "Vojvodina-chT 21st"]
[Site "Backa Palanka"]
[Date "2021.10.25"]
[Round "4.5"]
[White "Strangar, Zlatko"]
[Black "Grcic, Vukasin"]
[Result "1-0"]
[WhiteElo "2217"]
[BlackElo "2164"]
[PlyCount "111"]
[EventDate "2021.10.23"]
[EventType "team-tourn"]
[EventRounds "11"]
[EventCountry "SRB"]
[SourceTitle "CBM 204 Extra"]
[Source "ChessBase"]
[SourceDate "2021.11.30"]
[SourceVersion "1"]
[SourceVersionDate "2021.11.30"]
[SourceQuality "1"]
[WhiteTeam "Sombor"]
[BlackTeam "Nova Pazova Mladost"]
[WhiteTeamCountry "SRB"]
[BlackTeamCountry "SRB"]

1. e4 c5 2. Nf3 Nc6 3. g3 g6 4. Bg2 Bg7 5. 0-0 e5 6. d3 Nge7 7. Nc3 0-0 8. Be3 d6 9. Qd2 Nd4 10. Nh4 Rb8 11. a4 Nec6 12. Nd5 Be6 13. f4 exf4 14. Nxf4 b5 15. Nxe6 Nxe6 16. axb5 Rxb5 17. c3 Qb6 18. Ra2 Rb8 19. b4 Qb7 20. bxc5 dxc5 21. Nf5 Rb2 22. Rxb2 Qxb2 23. Nxg7 Qxd2 24. Bxd2 Kxg7 25. Rd1 Rb3 26. Kf2 Ne5 27. Ke2 Ra3 28. Rc1 Ra2 29. Bh3 Ng5 30. Bg2 Ngf3 31. Bxf3 Nxf3 32. Kxf3 Rxd2 33. Ke3 Rxh2 34. d4 cxd4+ 35. cxd4 Ra2 36. d5 Kf6 37. Kf4 Rf2+ 38. Ke3 Ra2 39. Kf4 Rf2+ 40. Ke3 Rg2 41. Rc7 Rxg3+ 42. Kf4 Rd3 43. e5+ Kg7 44. Ke4 Rd1 45. e6 Re1+ 46. Kd4 Rd1+ 47. Ke5 Kf8 48. e7+ Kg7 49. Kd6 Re1 50. Kd7 Kf6 51. e8Q Rxe8 52. Kxe8 Ke5 53. Rd7 f5 54. Ke7 f4 55. d6 f3 56. Rxa7 1-0

[Event "SRB-chT Premier"]
[Site "Ruma"]
[Date "2020.09.29"]
[Round "7.4"]
[White "Damjanovic, Vuk"]
[Black "Grcic, Vukasin"]
[Result "1-0"]
[WhiteElo "2328"]
[BlackElo "2181"]
[PlyCount "49"]
[EventDate "2020.09.25"]
[EventType "team-tourn"]
[EventRounds "11"]
[EventCountry "SRB"]
[SourceTitle "CBM 198 Extra"]
[Source "ChessBase"]
[SourceDate "2020.11.30"]
[SourceVersion "1"]
[SourceVersionDate "2020.11.30"]
[SourceQuality "1"]
[WhiteTeam "Belgrade Itaka"]
[BlackTeam "Nova Pazova Mladost"]
[WhiteTeamCountry "SRB"]
[BlackTeamCountry "SRB"]

1. d4 d5 2. c4 e6 3. Nc3 c5 4. cxd5 exd5 5. Nf3 Nc6 6. g3 Nf6 7. Bg2 Be7 8. 0-0 0-0 9. Bg5 Bf5 10. dxc5 d4 11. Nb5 d3 12. Bxf6 gxf6 13. Nh4 dxe2 14. Qxe2 Qd3 15. Qe1 Bxc5 16. Rd1 Qxb5 17. Nxf5 Rfe8 18. Qd2 Re5 19. Qf4 Bf8 20. Nd6 Bxd6 21. Rxd6 Rf5 22. Qh4 Qe5 23. Rd5 Qe6 24. Rxf5 Qxf5 25. Be4 1-0

[Event "Vojvodina-chT"]
[Site "Kovacica"]
[Date "2019.11.01"]
[Round "1.3"]
[White "Grcic, Vukasin"]
[Black "Rajin, Milan"]
[Result "1-0"]
[WhiteElo "2125"]
[BlackElo "1920"]
[PlyCount "69"]
[EventDate "2019.11.01"]
[EventType "team-tourn"]
[EventRounds "11"]
[EventCountry "SRB"]
[SourceTitle "CBM 192 Extra"]
[Source "Chessbase"]
[SourceDate "2019.11.06"]
[SourceVersion "1"]
[SourceVersionDate "2019.11.06"]
[SourceQuality "1"]
[WhiteTeam "Nova Pazova Mladost"]
[BlackTeam "Banatsko Novo Selo"]
[WhiteTeamCountry "SRB"]
[BlackTeamCountry "SRB"]

1. e4 c5 2. Nf3 Nc6 3. d4 cxd4 4. Nxd4 d6 5. Nc3 g6 6. Be3 Bg7 7. Qd2 Bd7 8. f3 Qa5 9. 0-0-0 Nf6 10. g4 0-0 11. h4 h5 12. gxh5 Nxh5 13. Kb1 Rfc8 14. f4 Bg4 15. Be2 Bxe2 16. Ndxe2 e6 17. Qxd6 Bf8 18. Qd3 a6 19. Bd2 Qb6 20. Na4 Qc7 21. Qe3 Rab8 22. Nb6 Rd8 23. Bc3 Bh6 24. Rdf1 e5 25. Nd5 exf4 26. Nexf4 Bxf4 27. Rxf4 Qd6 28. Rff1 Ne5 29. Qg5 Re8 30. Rhg1 Re6 31. Qxh5 Kg7 32. Ne3 Kf8 33. Qh7 b5 34. Bxe5 Qxe5 35. Qxf7# 1-0

[Event "Belgrade-chT"]
[Site "Belgrade"]
[Date "2019.09.24"]
[Round "2.11"]
[White "Radusinovic, Lazar"]
[Black "Grcic, Vukasin"]
[Result "1/2-1/2"]
[WhiteElo "2358"]
[BlackElo "2125"]
[PlyCount "146"]
[EventDate "2019.09.23"]
[EventType "team-tourn"]
[EventRounds "11"]
[EventCountry "SRB"]
[SourceTitle "EXT 2020"]
[Source "ChessBase"]
[SourceDate "2019.10.17"]
[SourceVersion "1"]
[SourceVersionDate "2019.10.17"]
[SourceQuality "1"]
[WhiteTeam "Lasta"]
[BlackTeam "Tadic"]
[WhiteTeamCountry "SRB"]
[BlackTeamCountry "SRB"]

1. d4 d5 2. Nf3 c5 3. g3 Nc6 4. Bg2 Nf6 5. 0-0 e6 6. c4 Be7 7. cxd5 exd5 8. Nc3 0-0 9. Bg5 Bf5 10. Rc1 c4 11. Ne5 Be6 12. f4 Ne8 13. Nxc6 bxc6 14. Bxe7 Qxe7 15. f5 Bd7 16. e4 Rb8 17. Rf2 Nd6 18. f6 gxf6 19. exd5 Qe3 20. Rcc2 c5 21. dxc5 Qxc5 22. Kh1 f5 23. Qc1 Qd4 24. Qg5+ Qg7 25. Qe7 Rfd8 26. Qxd6 Ba4 27. Qf4 Bxc2 28. Rxc2 Re8 29. h4 Rb6 30. d6 Qf6 31. Nd5 Qxd6 32. Qg5+ Kh8 33. Rf2 Ra6 34. Kh2 Re5 35. Ne3 Qe7 36. Qxe7 Rxe7 37. Nxf5 Re5 38. a3 Rf6 39. Bh3 Rc5 40. Rc2 Rcxf5 41. Bxf5 Rxf5 42. Rxc4 Rf2+ 43. Kh3 Rxb2 44. Rc7 Kg7 45. Rxa7 h5 46. Ra4 Kh6 47. Rb4 Ra2 48. Rb3 f5 49. Rb6+ Kg7 50. Ra6 Rf2 51. a4 Ra2 52. Ra7+ Kg6 53. a5 Kf6 54. Ra8 Kg7 55. a6 Kh7 56. Rf8 Kg6 57. Rg8+ Kh6 58. Rg5 Rxa6 59. Rxf5 Ra2 60. Rf1 Rb2 61. Rg1 Ra2 62. Rg2 Ra1 63. Kh2 Kg6 64. Re2 Ra3 65. Kg2 Rb3 66. Kf2 Kf5 67. Kg2 Rb4 68. Re8 Rb2+ 69. Kf3 Rb3+ 70. Kg2 Rb2+ 71. Kh3 Kg6 72. Re3 Rb4 73. Rf3 Ra4 1/2-1/2

[Event "Vojvodina-chT 2nd League"]
[Site "Novi Sad"]
[Date "2018.11.09"]
[Round "1.3"]
[White "Vidic, Stevan"]
[Black "Grcic, Vukasin"]
[Result "1/2-1/2"]
[WhiteElo "2258"]
[BlackElo "2174"]
[PlyCount "79"]
[EventDate "2018.11.09"]
[EventType "team-tourn"]
[EventRounds "11"]
[EventCountry "SRB"]
[SourceTitle "CBM 187 Extra"]
[Source "ChessBase"]
[SourceDate "2018.11.04"]
[SourceVersion "1"]
[SourceVersionDate "2018.11.04"]
[SourceQuality "1"]
[WhiteTeam "Backa Pacir"]
[BlackTeam "Nova Pazova Mladost"]
[WhiteTeamCountry "SRB"]
[BlackTeamCountry "SRB"]

1. d4 d5 2. Nf3 c5 3. dxc5 e6 4. c4 Bxc5 5. e3 Nc6 6. Be2 Nf6 7. 0-0 0-0 8. Nbd2 a5 9. Nb3 Ba7 10. Nbd4 Nxd4 11. exd4 h6 12. c5 Bd7 13. Ne5 Bb8 14. Bf4 g5 15. Nxd7 Nxd7 16. Bxb8 Nxb8 17. f4 Nc6 18. Bb5 Qf6 19. Bxc6 bxc6 20. fxg5 Qxg5 21. Rc1 f5 22. Rc3 Kh7 23. Re1 Rfe8 24. Rb3 Rab8 25. Rb6 Rxb6 26. cxb6 Qf4 27. Qd3 Rb8 28. Rxe6 Qc1+ 29. Qf1 Qxf1+ 30. Kxf1 Rxb6 31. Re2 Rb4 32. Rd2 Kg6 33. Ke2 Rc4 34. Kd3 Rc1 35. Re2 Kf6 36. Kd2 Rc4 37. Kd3 Rc1 38. Kd2 Rc4 39. Kd3 Rc1 40. Kd2 1/2-1/2

[Event "Belgrade-chT Quality"]
[Site "Belgrade"]
[Date "2018.09.28"]
[Round "11.3"]
[White "Grcic, Vukasin"]
[Black "Milekic, Daniel"]
[Result "1/2-1/2"]
[WhiteElo "2174"]
[BlackElo "2309"]
[PlyCount "23"]
[EventDate "2018.09.17"]
[EventType "team-tourn"]
[EventRounds "11"]
[EventCountry "SRB"]
[SourceTitle "CBM 186 Extra"]
[Source "ChessBase"]
[SourceDate "2018.08.24"]
[SourceVersion "1"]
[SourceVersionDate "2018.08.24"]
[SourceQuality "1"]
[WhiteTeam "Tadic"]
[BlackTeam "Rudovci Radnicki"]
[WhiteTeamCountry "SRB"]
[BlackTeamCountry "SRB"]

1. e4 e5 2. Nf3 Nc6 3. Bc4 Bc5 4. c3 Nf6 5. d4 exd4 6. cxd4 Bb4+ 7. Bd2 Bxd2+ 8. Nbxd2 d5 9. exd5 Nxd5 10. 0-0 0-0 11. h3 Nb6 12. Ne5 1/2-1/2

[Event "Belgrade-chT Quality"]
[Site "Belgrade"]
[Date "2018.09.26"]
[Round "9.4"]
[White "Milin, Dragan"]
[Black "Grcic, Vukasin"]
[Result "0-1"]
[WhiteElo "2014"]
[BlackElo "2174"]
[PlyCount "70"]
[EventDate "2018.09.17"]
[EventType "team-tourn"]
[EventRounds "11"]
[EventCountry "SRB"]
[SourceTitle "CBM 186 Extra"]
[Source "ChessBase"]
[SourceDate "2018.08.24"]
[SourceVersion "1"]
[SourceVersionDate "2018.08.24"]
[SourceQuality "1"]
[WhiteTeam "Bogoslov"]
[BlackTeam "Tadic"]
[WhiteTeamCountry "SRB"]
[BlackTeamCountry "SRB"]

1. d4 d5 2. Nf3 c5 3. e3 Nc6 4. c3 Nf6 5. dxc5 a5 6. Bb5 e6 7. b4 Bd7 8. a4 axb4 9. Bxc6 Bxc6 10. cxb4 b6 11. Bb2 bxc5 12. b5 Bb7 13. Nbd2 Bd6 14. Ne5 Qc7 15. Ndf3 0-0 16. 0-0 Ne4 17. Nd3 c4 18. Nde1 Nc5 19. Qc2 f6 20. h3 e5 21. Nd2 Rfc8 22. Bc3 Nb3 23. Ra2 Qc5 24. Nef3 d4 25. exd4 exd4 26. Bb2 Nxd2 27. Nxd2 c3 28. Ba3 Qd5 29. Nf3 d3 30. Qc1 Qxa2 31. Bxd6 Bxf3 32. gxf3 d2 33. Qd1 Qxa4 34. Qe2 Qc4 35. Qd1 c2 0-1

[Event "Belgrade-chT Quality"]
[Site "Belgrade"]
[Date "2018.09.22"]
[Round "6.5"]
[White "Mladenovic, Aleksandar"]
[Black "Grcic, Vukasin"]
[Result "0-1"]
[WhiteElo "1953"]
[BlackElo "2174"]
[PlyCount "78"]
[EventDate "2018.09.17"]
[EventType "team-tourn"]
[EventRounds "11"]
[EventCountry "SRB"]
[SourceTitle "CBM 186 Extra"]
[Source "ChessBase"]
[SourceDate "2018.08.24"]
[SourceVersion "1"]
[SourceVersionDate "2018.08.24"]
[SourceQuality "1"]
[WhiteTeam "Cukaricki"]
[BlackTeam "Tadic"]
[WhiteTeamCountry "SRB"]
[BlackTeamCountry "SRB"]

1. d4 d5 2. c4 e6 3. Nc3 c5 4. cxd5 exd5 5. Nf3 Nc6 6. g3 Nf6 7. Bg2 Be7 8. 0-0 0-0 9. dxc5 Bxc5 10. Bg5 d4 11. Ne4 Be7 12. Nxf6+ Bxf6 13. Bxf6 Qxf6 14. a4 Bf5 15. Nh4 Bg4 16. a5 Rfe8 17. Re1 Rad8 18. Qd2 d3 19. exd3 Nd4 20. Rxe8+ Rxe8 21. Re1 Rxe1+ 22. Qxe1 g5 23. Qe4 Bd1 24. Qxb7 a6 25. Qb6 Ne6 26. Qxa6 gxh4 27. Qa8+ Kg7 28. a6 Nc7 29. Qb7 Nxa6 30. gxh4 Nc5 31. Qd5 Ne6 32. Be4 Qxh4 33. Qd6 Qg5+ 34. Kf1 Bg4 35. b4 Qc1+ 36. Kg2 Nf4+ 37. Kg3 Qg1+ 38. Kh4 Qxh2+ 39. Kxg4 Qh3+ 0-1

[Event "SRB-ch U16"]
[Site "Novi Sad"]
[Date "2018.04.08"]
[Round "9"]
[White "Grcic, Vukasin"]
[Black "Stankovic, Milos M"]
[Result "1-0"]
[WhiteElo "2098"]
[BlackElo "2168"]
[PlyCount "51"]
[EventDate "2018.04.02"]
[EventType "swiss"]
[EventRounds "9"]
[EventCountry "SRB"]
[SourceTitle "EXT 2019"]
[Source "ChessBase"]
[SourceDate "2018.10.10"]
[SourceVersion "1"]
[SourceVersionDate "2018.10.10"]
[SourceQuality "1"]

1. e4 c5 2. Nf3 d6 3. d4 cxd4 4. Nxd4 Nf6 5. Nc3 a6 6. Be3 e5 7. Nb3 Be6 8. f3 Nbd7 9. Qd2 Be7 10. 0-0-0 Rc8 11. g4 h6 12. Kb1 b5 13. Nd5 Bxd5 14. exd5 Nb6 15. Bxb6 Qxb6 16. h4 Bd8 17. Bd3 Nd7 18. Bf5 g5 19. hxg5 Bxg5 20. Qxg5 hxg5 21. Rxh8+ Ke7 22. Rxc8 Nf6 23. Nc5 a5 24. Ne4 Nxd5 25. c4 Nb4 26. c5 1-0

[Event "SRB-ch U16"]
[Site "Novi Sad"]
[Date "2018.04.07"]
[Round "7"]
[White "Grcic, Vukasin"]
[Black "Omorjan, Dejan"]
[Result "1/2-1/2"]
[WhiteElo "2098"]
[BlackElo "2230"]
[PlyCount "66"]
[EventDate "2018.04.02"]
[EventType "swiss"]
[EventRounds "9"]
[EventCountry "SRB"]
[SourceTitle "EXT 2019"]
[Source "ChessBase"]
[SourceDate "2018.10.10"]
[SourceVersion "1"]
[SourceVersionDate "2018.10.10"]
[SourceQuality "1"]

1. e4 c5 2. Nf3 d6 3. d4 cxd4 4. Nxd4 Nf6 5. Nc3 a6 6. Be3 e5 7. Nb3 Be6 8. h3 Be7 9. g4 d5 10. exd5 Nxd5 11. Bg2 Nxe3 12. Qxd8+ Bxd8 13. fxe3 Bh4+ 14. Kf1 Nc6 15. Nc5 Bc4+ 16. Kg1 0-0-0 17. b3 Be6 18. Nxe6 fxe6 19. Bxc6 bxc6 20. Ne4 h5 21. Kg2 Rd5 22. c4 Rd3 23. Kf3 Be7 24. Ke2 Rd7 25. Ng3 Bh4 26. Ne4 Be7 27. Raf1 a5 28. Nc3 Bb4 29. Ne4 Be7 30. Nc3 Bb4 31. Ne4 Be7 32. Nc3 Bb4 33. Ne4 Re7 1/2-1/2

[Event "SRB-ch U16"]
[Site "Novi Sad"]
[Date "2018.04.05"]
[Round "5"]
[White "Grcic, Vukasin"]
[Black "Milosevic, Milos"]
[Result "0-1"]
[WhiteElo "2098"]
[BlackElo "2311"]
[PlyCount "50"]
[EventDate "2018.04.02"]
[EventType "swiss"]
[EventRounds "9"]
[EventCountry "SRB"]
[SourceTitle "EXT 2019"]
[Source "ChessBase"]
[SourceDate "2018.10.10"]
[SourceVersion "1"]
[SourceVersionDate "2018.10.10"]
[SourceQuality "1"]

1. d4 Nf6 2. Nf3 e6 3. e3 b6 4. Bd3 Bb7 5. Nbd2 c5 6. 0-0 Be7 7. b3 cxd4 8. Nxd4 0-0 9. Bb2 Na6 10. c4 Nc5 11. Bc2 d5 12. Rc1 Re8 13. N4f3 a5 14. Bb1 a4 15. Qc2 axb3 16. axb3 Nfe4 17. Nxe4 dxe4 18. Rcd1 Qc8 19. Nd4 Nd3 20. Bc3 e5 21. Ne2 Qg4 22. Nc1 Bc5 23. Qd2 Nf4 24. Bxe4 Bxe4 25. f3 Bxe3+ 0-1